000 01134cam a22002054a 4500
005 20250605164039.0
008 250528s ||||||||||||||||||||||||d
035 _a16931
020 _a415001471
040 _aGR-AtMCL
_bgre
_dGR-AtMCL
_eAACR2
245 1 _aHealth and Lifestyles
250 _a1st
260 _bTavistock Routledge,
_c1990
300 _a268
520 _aAn essential reading for students, researchers, and practitioners in community medicine, medical sociology, health education, social policy, and sociology. Acknowledgements, Introduction, The Health and Lifestyle Survey, What is Health?, The Measurement of Health, Social Circumstances and Health, Patterns of Behavior, Behavior and Health, Circumstances and Behavior and Health, Conclusions and Policy Implications, Appendices, Health: Questions and Measurements and the Formation of Indices, Social Integration and Support: Questions and Measures, Behavior: Questions and the Formation of Indices, Attitudes: Questions and Measures, References, Index.
700 1 _aBlaxter Mildred
_93032
942 _cBK
999 _c2376
_d2376